Entrevista con Javier Ferrer - T Systems

Bibliographic Details
Format: Video
Language:Undetermined
Published: IE University Publishing 2019
Online Access:Connect to this streaming video (Alexander Street Press)

MARC

Tag First Indicator Second Indicator Subfields
LEADER 00000ngm a22000003u 4500
001 in00005605721
006 m o c
007 vz uzazuu
007 cr una||||||||
008 240719s2019 xx ||| o vuund d
005 20241201234543.7
035 |a (OCoLC)on1446722664 
040 |a OCLKB  |b eng  |e pn  |c OCLKB 
035 |a (OCoLC)1446722664 
049 |a TXAM 
245 0 0 |a Entrevista con Javier Ferrer - T Systems 
264 1 |b IE University Publishing  |c 2019 
300 |a 1 online resource (1 video file) 
336 |a two-dimensional moving image  |b tdi  |2 rdacontent 
337 |a computer  |b c  |2 rdamedia 
338 |a online resource  |b cr  |2 rdacarrier 
344 |a digital  |2 rdatr 
347 |a video file  |2 rdaft 
588 |a Machine-generated record 
856 4 0 |u http://proxy.library.tamu.edu/login?url=https://www.aspresolver.com/aspresolver.asp?MARC;5600014  |z Connect to this streaming video (Alexander Street Press)  |t 0 
955 |a Alexander Street Press subscription streaming video 
994 |a 92  |b TXA 
999 f f |s 3d0aad5f-8546-4d82-87e1-32f453956859  |i d8067109-0ec2-4215-ba58-ebfefbfa9f1a  |t 0 
952 f f |a Texas A&M University  |b College Station  |c Electronic Resources  |d Available Online  |t 0  |h Library of Congress classification 
998 f f |t 0  |l Available Online